| 000 | 00688nam a2200289Ia 4500 | ||
|---|---|---|---|
| 008 | 161027s9999||||xx |||||||||||||| ||und|| | ||
| 040 | _cPali | ||
| 082 | _aX.B | ||
| 082 | _bBORI-5613 | ||
| 100 | _aDines Andersen & Helmer Smith | ||
| 245 | 4 | _aThe Sutta -Nipata | |
| 260 | _aLondon | ||
| 260 | _bHenry Frowde | ||
| 260 | _c1913 | ||
| 300 | _a226 | ||
| 300 | _cB | ||
| 300 | _eHardbound | ||
| 530 | _u000038501.pdf | ||
| 563 | _aText | ||
| 600 | _aDines Andersen & Helmer Smith | ||
| 630 | _aThe Sutta -Nipata | ||
| 650 | _aBuddhism | ||
| 650 | _aBuddhism - Jainism | ||
| 700 | _aDines Andersen & Helmer Smith | ||
| 730 | _aThe Sutta -Nipata | ||
| 942 | _cBOOK | ||
| 999 |
_c1400590 _d1400587 |
||